Представление документа в формате RUSMARC

ПолеНазваниеЗначение
  Тип записи c
  Библиографический уровень m
001 Контрольный номер RU/УОНБ/EK_N/386006542
005 Дата корректировки 20241129114826.4
013 Номер (ISMN) __
d Цена 78 р. 78 к.
071 Издательские номер (звукозапись и ноты) 21
a Номер, присвоенный агентством 2521
100 Данные общей обработки __
a Данные общей обработки 20241129b2004 u y0rusy0189 ca
101 Язык документа 0_
a Язык текста rus
c Язык оригинала rus
f Язык титульного листа rus
f Язык титульного листа eng
102 Страна публикации __
a Страна публикации RU
125 Кодированные данные звукозаписи и нотных изданий __
a Форма изложения нотного текста с|
b Определитель литературного текста g
128 Кодированные данные (звукозаписи-физические характеристики) __
a Кодированные данные: Музыкальная форма и тональность или лад li
c Инструменты или голоса, рекомендуемые для солистов (устаревшее) vu||
c Инструменты или голоса, рекомендуемые для солистов (устаревшее) ka||
c Инструменты или голоса, рекомендуемые для солистов (устаревшее) tb||
200 Заглавие и сведения об ответственности 1_
a Заглавие Вып. 7
e Сведения, относящиеся к заглавию песни и романсы
210 Выходные данные 1_
d Дата издания 2004
215 Физическое описание __
a Объем 40 c.
327 Примечание о содержании 11
a Примечание о содержании Содерж.: два романса из репертуара Изабеллы Юрьевой : Строк О. В старом саду / сл. С. Степановой-Мануйловой ; Прозоровский Б. Караван / сл. Б. Тимофеева. Крылатов Е. Ольховая сережка : из тф. "И это все о нем" / сл. Е. Евтушенко. Гладков Г. Главная песня : из тф. "Обыкновенное чудо" / сл. Ю. Михайлова. Лученок И. Помнит Вена : вальс / сл. М. Ясеня. Николаев И. Расскажите, птицы / сл. И. Николаева. Николаев И. Паромщик / сл. Н. Зиновьева. Касторский С. Ты полюбил другую / сл. Л. Рубальской. Газманов О. Чем измерить горы / сл. О. Газманова.
461 Уровень набора _0
1 2001
a Русский шлягер
d Russian Popular Songs
e для голоса и фп. (гитары)
z eng
v Вып. 7
1 2101
a СПб.
c Композитор
d [199-] -
1 001RU/УОНБ/EK_N/385992851
1 2251
a Русский шлягер
d Russian Popular Songs
z eng
464 Аналитический уровень _0
1 036
t Сад наш залит луной...
1 700 1
a Строк
b О.
1 702 1
a Степанова-Мануйлова
b С.
4 520
1 702 1
a Ашкенази
b Д.
4 030
1 702 1
a Юрьева
b Изабелла
4 721
1 2001
a В старом саду
464 Аналитический уровень _0
1 036
t Мы странно встретились и странно разойдемся...
1 700 1
a Прозоровский
b Б.
1 702 1
a Тимофеев
b Б.
4 520
1 702 1
a Ашкенази
b Д.
4 030
1 702 1
a Юрьева
b Изабелла
4 721
1 2001
a Караван
464 Аналитический уровень _0
1 036
t Уронит ли ветер в ладони сережку ольховую...
1 700 1
a Крылатов
b Е.
1 702 1
a Евтушенко
b Е.
4 520
1 2001
a Ольховая сережка
1 50010
a И это все о нем
464 Аналитический уровень _0
1 036
t Приходит день, приходит час...
1 700 1
a Гладков
b Г.
1 702 1
a Михайлов
b Ю.
4 520
1 2001
a Главная песня
e из телефильма "Обыкновенное чудо"
1 50010
a Обыкновенное чудо
464 Аналитический уровень _0
1 036
t Весна сорок пятого года...
1 700 1
a Лученок
b И.
1 702 1
a Ясень
b М.
4 520
1 2001
a Помнит Вена
e вальс
464 Аналитический уровень _0
1 700 1
a Николаев
b И.
1 702 1
a Николаев
b И.
4 520
1 2001
a Расскажите, птицы
464 Аналитический уровень _0
1 036
t Упала ранняя звезда, в полях прохлада...
1 700 1
a Николаев
b И.
1 702 1
a Зиновьев
b Н.
4 520
1 2001
a Паромщик
464 Аналитический уровень _0
1 700 1
a Касторский
b С.
1 702 1
a Рубальская
b Л.
4 520
1 702 1
a Фиртич
b Г.
4 030
1 2001
a Ты полюбил другую
464 Аналитический уровень _0
1 700 1
a Газманов
b О.
1 702 1
a Газманов
b О.
4 520
1 702 1
a Фиртич
b Г.
4 030
1 2001
a Чем измерить горы?
606 Тематические рубрики 0_
a Основная рубрика Сольное пение
x Основная подрубрика Песни из кинофильмов
606 Тематические рубрики 0_
a Основная рубрика Романсы русских композиторов
x Основная подрубрика Романсы и песни
610 Ключевые слова 0_
a Ключевые слова песни; сольное пение
610 Ключевые слова 0_
a Ключевые слова романсы русских композиторов
686 Индексы других классификаций __
a Классификационный индекс 85.943.4-42-041.5я43
2 Код системы rubbk
801 Источник записи _0
a Страна RU
b Организация Ульяновская ОНБ
c Дата составления 20120325
g Правила каталогизации RCR
801 Источник записи _1
a Страна RU
b Организация Ульяновская ОНБ
c Дата составления 20120325
g Правила каталогизации RCR
901 Тип документа __
t Тип документа n
w Контрольный № источника RU/УОНБ/EK_N/385992851
909 Создатель записи __
a Создатель записи Зиновьева Г. А.
910 Корректоры записи __
a Корректор записи Никитина Т. А.
b Дата внесения изменения в запись 20241129